[Event "Backa Topola-ch"]
[Site "Backa Topola"]
[Date "2019.11.25"]
[Round "1"]
[White "Kovacic, Vlastimir"]
[Black "Halas, Emil"]
[Result "1-0"]
[WhiteElo "2135"]
[BlackElo "1837"]
[PlyCount "45"]
[EventDate "2019.11.25"]
[EventType "swiss"]
[EventRounds "9"]
[EventCountry "SRB"]
[SourceTitle "CBM 193 Extra"]
[Source "ChessBase"]
[SourceDate "2020.01.31"]
[SourceVersion "1"]
[SourceVersionDate "2020.01.31"]
[SourceQuality "1"]

1. e4 c6 2. Nc3 d5 3. Nf3 Bg4 4. h3 Bh5 5. g4 Bg6 6. exd5 cxd5 7. d4 Nf6 8. Ne5 e6 9. h4 h5 10. Nxg6 fxg6 11. Qd3 Nc6 12. Qxg6+ Kd7 13. g5 Qe8 14. Qd3 Ng8 15. Bf4 Bd6 16. Bxd6 Kxd6 17. 0-0-0 Qf7 18. Qg3+ Kd7 19. Bh3 Rf8 20. Nxd5 Qxf2 21. Qc7+ Ke8 22. Bxe6 Rf3 23. Qc8+ 1-0